| 000 | 00618nam a22001697a 4500 | ||
|---|---|---|---|
| 020 | _qHard Cover. | ||
| 082 | _a004 | ||
| 100 | _aAziz ur Rehman ; Uzair Zia ; Ahmed Sarfraz Bajwa | ||
| 245 |
_aSpeech Information Component Analysis / _cAziz ur Rehman ; Uzair Zia ; Ahmed Sarfraz Bajwa |
||
| 260 |
_aIslamabad : _bSEECS - NUST, _c2019. |
||
| 300 |
_a28 p. : ill. ; _c30cm. |
||
| 650 |
_aSoftware Engineering-Project Report. _930818 |
||
| 700 |
_aDr. Ahmed Salman. _930764 |
||
| 856 | _uhttp://10.250.8.41:8080/xmlui/handle/123456789/29550 | ||
| 942 |
_2ddc _cPR |
||
| 999 |
_c535960 _d535960 |
||